Normal view
MARC view
- González Monroy, Luis Alfredo
Entry Nombre Personal
001 - NUMERO DE CONTROL
- campo de control: 58781
003 - IDENTIFICADOR DE NUMERO DE CONTROL
- campo de control: DLC
005 - FECHA Y HORA DE LA ÜLTIMA TRANSACCIÓN
- campo de control: 20260216112334.0
008 - DATOS DE LONGITUD FIJA
- campo de control de longitud fija: 191227n| azannaabn || aaa c
010 ## - NÚMERO DE CONTROL DE LA BIBLIOTECA DEL CONGRESO
- Número de control LC: no2019190909
035 ## - NUMERO DE CONTROL
- Número de control: (OCoLC)oca12656400
040 ## - FUENTE DE CATALOGACIÓN
- Agencia original de catalogación: NcD
- Lenguaje de catalogación: spa
- Description conventions: rda
- Agencia de transcripción: NcD
- Agencia que lo modifica: MX-MxUPN
100 1# - ENCABEZAMIENTO - NOMBRE PERSONAL
- Nombre personal: González Monroy, Luis Alfredo
370 ## - LUGAR ASOCIADO
- Associated country: Colombia
- Fuente del término: naf
371 ## - DIRECCIÓN
- Electronic mail address: lgonzalezm@unimagdalena.edu.com
373 ## - GRUPO ASOCIADO
- Associated group: Universidad del Magdalena
- Fuente del término: naf
377 ## - LENGUA ASOCIADA
- Language code: spa
670 ## - FUENTE EN LA QUE SE LOCALIZARON DATOS
- Cita de la fuente: Sentidos y significados de justicia, paz y gobernabilidad, 2018:
- Información localizada: portada (Luis Alfredo González Monroy) solapa (lic. in modern languages from Univ. del Magdalena; master's in education and doctor in education sci. from Univ. del Magdalena)
670 ## - FUENTE EN LA QUE SE LOCALIZARON DATOS
- Cita de la fuente: Estudios pedagógicos, Vol. 51, no 2 (2025):
- Información localizada: página 325 (Luis Alfredo González Monroy; Universidad del Magdalena-Colombia; lgonzalezm@unimagdalena.edu.com)
902 ## - CATALOGADOR
- Catalogador: Víctor Ruiz/160226
